000 00985pam a2200313 a 4500
001 1371400
003 OSt
005 20250901165758.0
008 811116s1982 moua b 001 0 eng
010 _a 81018844
020 _a0801640245
040 _aDLC
_cDLC
_dDLC
050 1 0 _aRT 41 .R35 1982
_b.R35 1982
082 0 0 _a610.73
_219
100 1 _aRandell, Brooke.
245 1 0 _aAdaptation nursing :
_bthe Roy conceptual model applied /
_cBrooke Randell, Mary Poush Tedrow, Joyce Van Landingham.
260 _aSt. Louis :
_bC.V. Mosby Co.,
_c1982.
300 _axvii, 297 p. :
_bill. ;
_c24 cm.
504 _aIncludes bibliographies and index.
650 0 _aNursing.
650 0 _aNursing
_xPhilosophy.
650 0 _aAdaptation (Physiology)
650 0 _aAdjustment (Psychology)
700 1 _aTedrow, Mary Poush.
700 1 _aVan Landingham, Joyce.
740 0 _aRoy conceptual model applied.
906 _a7
_bcbc
_corignew
_d1
_eocip
_f19
_gy-gencatlg
942 _2lcc
_cBK
999 _c9148
_d9148